000 00382nam a2200121Ia 4500
008 220216s9999 xx 000 0 und d
100 _aJeffs D G
245 0 _aNew non-black reinforcing filler for rubber
260 _bRubbercon 81: Proceedings of the International Rubber Conference, England 1981, V.2, p G2.1-11
650 _aReinforcing filler
650 _aRubber
942 _cJS
999 _c63860
_d63860